000 00298nam a2200121 a 4500
005 20140414132013.0
008 110314s19uu xx 00 eng d
050 _aTR
_bF32 1995
100 _aBerry, Joy
245 _aFeeling afraid.
260 _aNew York :
_bScholastic ,
_c1995.
999 _c113317
_d113317